| 000 | 00693nam a2200205Ii 4500 | ||
|---|---|---|---|
| 003 | JO-AjNU | ||
| 008 | 230605s9999||||xx |||||||||||||| ||und|| | ||
| 040 |
_aJO-AjNU _bara _erda _cJO-AjNU |
||
| 041 | _aara | ||
| 050 | 1 | 4 | _aDS121.539 1995 |
| 100 | 3 |
_aتاليف السواح، فراس, _eauthor _913032 |
|
| 245 | 0 | 0 | _aآرام دمشق وإسرائيل في التاريخ والتاريخ التوراتي |
| 250 | _aط1 | ||
| 264 | 3 | 1 | _aدمشق: دار علاء للنشر والتوزيع، 1995 |
| 300 | _a296ص | ||
| 336 |
_atext _btxt _2rdacontent |
||
| 337 |
_aunmediated _bn _2rdamedia |
||
| 338 |
_avolume _bnc _2rdacarrier |
||
| 650 | 4 |
_aدمشق-اسرائيل-تاريخ _913033 |
|
| 999 |
_aA3138 _c6706 _d6706 |
||